Chuzadas : (Registro nro. 30832)

Detalles MARC
000 -LEADER
fixed length control field 01025nam a22001697a 4500
003 - CONTROL NUMBER IDENTIFIER
control field OSt
005 - DATE AND TIME OF LATEST TRANSACTION
control field 20240925163135.0
008 - FIXED-LENGTH DATA ELEMENTS--GENERAL INFORMATION
fixed length control field 240925b |||||||| |||| 00| 0 eng d
020 ## - INTERNATIONAL STANDARD BOOK NUMBER
International Standard Book Number 9789585121096
040 ## - CATALOGING SOURCE
Original cataloging agency CO-JMCR
Transcribing agency CO-JMCR
Modifying agency CO-JMCR
082 04 - DEWEY DECIMAL CLASSIFICATION NUMBER
Classification number 364.1
Item number M38j
100 1# - MAIN ENTRY--PERSONAL NAME
Personal name Martínez, Julián F.
Relator term autor
9 (RLIN) 43847
245 10 - TITLE STATEMENT
Title Chuzadas :
Remainder of title ocho años de espionaje y barbarie /
Statement of responsibility, etc. Julián F. Martínez
300 ## - PHYSICAL DESCRIPTION
Extent 317 páginas ;
Dimensions 23 cm.
520 3# - SUMMARY, ETC.
Summary, etc. Chuzadas es un documento que hace parte de la memoria histórica de uno de los peores episodios de los servicios de inteligencia de Colombia. Es un texto de consulta en donde cada una de las aseveraciones está comprendida con fechas, documentos de soporte y datos de contexto. <br/>Este libro es uno de los mejores trabajos de Julián F. Martínez, ya que gracias a su exhausta investigación demuestra que por órdenes del gobierno de turno se interceptaron diferentes periodistas, magistrados, jueces y miembros de la oposición política del momento.
942 ## - ADDED ENTRY ELEMENTS (KOHA)
Source of classification or shelving scheme Dewey Decimal Classification
Koha item type Books
Existencias
Withdrawn status Lost status Source of classification or shelving scheme Damaged status Not for loan Home library Current library Shelving location Date acquired Total Checkouts Full call number Barcode Date last seen Copy number Price effective from Koha item type
    Dewey Decimal Classification     Biblioteca Pública José María del Castillo y Rada Biblioteca Pública José María del Castillo y Rada Book Cart 09/20/2024   364.1 M38j 201812485 09/25/2024 Ej.1 09/25/2024 Books